000 01218namaa22003131i 4500
003 EG-GICUC
005 20250825121245.0
008 250825s1996 ua ||||jr|||| 000 0aara d
017 _a1996 / 8726
_bدار الكتب والوثائق القومية (مصر)
020 _a97705508096
040 _aEG-GiCUC
_bara
_cEG-GiCUC
_dEG-GiCUC
_erda
082 0 4 _221
_a320.92624
_bM2146
092 0 4 _221
_a320.92624
_bM2146
099 _a320.92624 M2146
100 1 _aالمهدى، عبد الرحمن
_eمؤلف.
245 _aمذكرات الامام عبد الرحمن المهدى :
_cعبد الرحمن المهدى
264 _aالقاهرة (مصر) :
_bدار الدراسات السودانية،
_c1996 .
300 _a174 ؛ صفحة
_c24 سم
336 _2rdacontent
_atext
337 _2rdamedia
_aUnmediated
338 _2rdacarrier
_avolume
504 _aيشتمل على ارجاعات ببليوجرافية
541 _aد. جابر عصفور ؛
_bالقاهرة ؛
_cإهداء ؛
_d2024.
600 1 0 _aالمهدى، عبد الرحمن،
_d1885-
_99312
650 1 _aالسياسة
_vتراجم
_zالسودان
_2qrmak
651 1 _2qrmak
905 _aNermeen
942 _2ddc
_cBK
_e21
_n0
999 _c173702
_d173702